00922nam a22002417a 4500003001100000005001700011008004100028020001800069040003900087041000800126082001700134100003000151245013700181250001600318260004800334300005900382650002100441650005300462650005100515942000700566952009200573999001500665LK-CoMWRAF20240212224315.0230929b2016 |||||||| |||| 00| 0 eng d a9789550028696 aLK-CoMWRAFdLK-CoMWRAFeLK-CoMWRAF aeng a340.092bDES aDe Silva, M.C.W. Prabhath aLeonard Woolf as a Judge in Ceylon:bA British civil servant as a judge in the Hambantota district of colonial Sri Lanka (1908-1911) a2nd edition aBattaramulla :bNeptune publications,c2016 a xi, 170 p.: ill., 1 map; 22 cmbBibliography included aJUDGES-Sri Lanka aColonial administrators -- Sri Lanka -- Diaries. aHambantota (Sri Lanka)- Description and travel cBK 00104070aMAINbMAINd2023-09-29l0o340.092 DESpRAF1537r2023-09-29w2023-09-29yBK c3741d3741